Polyfunkčný objekt na ul.SNP, Nové Zámky

Uložené v:
Podrobná bibliografia
Hlavný autor: Kobetičová, Daniela (Autor)
Ďalší autori: Prokopčáková, Katarína (Vedúci práce)
Médium: Rukopis Kniha
Jazyk:Slovak
Vydavateľské údaje: 2016
Predmet:
On-line prístup:http://is.stuba.sk/zp/portal_zp.pl?podrobnosti=117479
https://opac.crzp.sk/?fn=detailBiblioForm&sid=CAF43C23BCEFEBA4BBCB1FBCB6F5
Tagy: Pridať tag
Žiadne tagy, Buďte prvý, kto otaguje tento záznam!

MARC

LEADER 00000ntm a22000003a 4500
001 stuzp57942
003 SK-STU
005 20230908112503.0
007 ta
008 150427s2015----xo-----f-mn---000-0-slo-d
040 |a STU  |b slo 
041 0 |a slo 
100 1 |a Kobetičová, Daniela  |u 010270  |4 aut  |U SvF Stavebná fakulta  |T SvF Katedra technológie stavieb  |X 9921  |U V270  |Y 28  |7 A000009921 
242 0 1 |a Polyfunkčný objekt na Ul. SNP, Nové Zámky  |y eng 
245 1 0 |a Polyfunkčný objekt na ul.SNP, Nové Zámky 
260 |c 2016 
650 4 |a zariadenie staveniska  |2 slo 
650 4 |a žeriav  |2 slo 
650 4 |a hluk pri výstavbe  |2 slo 
650 4 |a noise during construction  |2 eng 
650 4 |a construction site equipment  |2 eng 
650 4 |a crane  |2 eng 
700 1 |a Prokopčáková, Katarína  |u 010270  |k Z1  |4 ths  |U SvF Stavebná fakulta  |T SvF Katedra technológie stavieb  |X 854  |U V270  |Y 28  |7 A000000854 
856 4 |u http://is.stuba.sk/zp/portal_zp.pl?podrobnosti=117479 
856 4 |u https://opac.crzp.sk/?fn=detailBiblioForm&sid=CAF43C23BCEFEBA4BBCB1FBCB6F5 
SQL |a stuzp57942  |b DDP  |c SLO  |d Polyfunkčný objekt na ul.SNP, Nové Zámky  |e 9921  |f Kobetičová, Daniela  |g 010270  |h 854  |i Prokopčáková, Katarína  |j 20160615  |k 681  |l 01  |m http://is.stuba.sk/zp/portal_zp.pl?podrobnosti=117479  |n I-TS  |o 5.2.8. stavebníctvo